[Event "Vladivostok Meridian op rap"]
[Site "Vladivostok"]
[Date "2014.07.18"]
[Round "1"]
[White "Deviatkin, Andrei"]
[Black "Belyi, Vladimir"]
[Result "1-0"]
[WhiteElo "2512"]
[BlackElo "2008"]
[PlyCount "65"]
[EventDate "2014.07.18"]
[EventType "swiss (rapid)"]
[EventRounds "11"]
[EventCountry "RUS"]
[SourceTitle "CBM 161 Extra"]
[Source "ChessBase"]
[SourceDate "2014.08.29"]
[SourceVersion "1"]
[SourceVersionDate "2014.08.29"]
[SourceQuality "1"]

1. d4 Nf6 2. Nf3 g6 3. Bg5 Bg7 4. e3 0-0 5. h3 Ne4 6. Bh4 h6 7. Nbd2 Nxd2 8. Qxd2 d5 9. c4 c6 10. Bd3 Nd7 11. 0-0 Nf6 12. Qe2 Be6 13. Rfc1 Rc8 14. Bg3 Ne4 15. Be5 Nf6 16. c5 Nd7 17. Bg3 Nf6 18. b4 g5 19. b5 g4 20. hxg4 Bxg4 21. bxc6 Rxc6 22. Qb2 Bxf3 23. Qxb7 Be4 24. Bxe4 Nxe4 25. Qxc6 Nxg3 26. fxg3 e6 27. Qd6 Qg5 28. Qf4 Qg6 29. c6 f6 30. c7 Rc8 31. Rab1 e5 32. Qf3 Rxc7 33. Rb8+ 1-0

[Event "Vladivostok op-B"]
[Site "Vladivostok"]
[Date "2010.08.11"]
[Round "8"]
[White "Belyi, Vladimir"]
[Black "Pats, Vladimir"]
[Result "1-0"]
[WhiteElo "2186"]
[BlackElo "2090"]
[PlyCount "95"]
[EventDate "2010.08.04"]
[EventType "swiss"]
[EventRounds "9"]
[EventCountry "RUS"]
[SourceTitle "EXT 2011"]
[Source "ChessBase"]
[SourceDate "2010.11.26"]
[SourceVersion "1"]
[SourceVersionDate "2010.11.26"]
[SourceQuality "1"]

1. e4 c5 2. Nf3 Nc6 3. d4 cxd4 4. Nxd4 d6 5. Bc4 g6 6. Be3 Bg7 7. Qd2 Nf6 8. Nc3 Bd7 9. f3 a6 10. 0-0-0 b5 11. Bb3 Na5 12. Bh6 Nxb3+ 13. cxb3 0-0 14. Bxg7 Kxg7 15. h4 Rc8 16. Kb1 h5 17. g4 b4 18. Nce2 hxg4 19. h5 Rh8 20. hxg6 fxg6 21. Qg5 Rc5 22. Qe3 Rch5 23. Rxh5 Rxh5 24. Nf4 Re5 25. Rh1 Qg8 26. Nd3 Rh5 27. Rg1 a5 28. e5 Nd5 29. Qe4 Bf5 30. Nxf5+ gxf5 31. Qd4 Kh6 32. exd6 exd6 33. Nf4 Nxf4 34. Qxf4+ Kh7 35. Qxd6 Qf7 36. Re1 Rh6 37. Qd8 Re6 38. Rd1 Re7 39. Rh1+ Kg6 40. Qh8 Qg7 41. Qh5+ Kf6 42. fxg4 Qg5 43. Qh8+ Qg7 44. Qd8 Qg5 45. Qxa5 Qf4 46. Qb6+ Re6 47. Qd8+ Re7 48. Qf8+ 1-0

[Event "Vladivostok op-B"]
[Site "Vladivostok"]
[Date "2010.08.07"]
[Round "4"]
[White "Belyi, Vladimir"]
[Black "Mikhailova, Lubov"]
[Result "0-1"]
[WhiteElo "2186"]
[BlackElo "1952"]
[PlyCount "62"]
[EventDate "2010.08.04"]
[EventType "swiss"]
[EventRounds "9"]
[EventCountry "RUS"]
[SourceTitle "EXT 2011"]
[Source "ChessBase"]
[SourceDate "2010.11.26"]
[SourceVersion "1"]
[SourceVersionDate "2010.11.26"]
[SourceQuality "1"]

1. e4 c5 2. Nf3 Nc6 3. d4 cxd4 4. Nxd4 d6 5. Be3 Nf6 6. Nc3 e6 7. Be2 Be7 8. 0-0 0-0 9. f4 a6 10. Bf3 Qc7 11. Qe1 Rd8 12. Qf2 d5 13. exd5 exd5 14. Nxc6 Qxc6 15. Rad1 Bg4 16. Bd4 Bxf3 17. Qxf3 Bc5 18. Qd3 Ne4 19. Ne2 Rac8 20. c3 Qa4 21. a3 Qc4 22. Bxc5 Nxc5 23. Qc2 Nb3 24. Nd4 Nxd4 25. Qd3 Ne2+ 26. Kh1 Qxd3 27. Rxd3 d4 28. Rd2 dxc3 29. Rxe2 Rd2 30. Ree1 cxb2 31. Kg1 g6 0-1

[Event "Vladivostok op"]
[Site "Vladivostok"]
[Date "2010.06.08"]
[Round "8"]
[White "Chuhachev, Vladimir"]
[Black "Belyi, Vladimir"]
[Result "1-0"]
[WhiteElo "1952"]
[BlackElo "2223"]
[PlyCount "71"]
[EventDate "2010.06.01"]
[EventType "swiss"]
[EventRounds "9"]
[EventCountry "RUS"]
[SourceTitle "CBM 137 Extra"]
[Source "ChessBase"]
[SourceDate "2010.09.01"]
[SourceVersion "1"]
[SourceVersionDate "2010.09.01"]
[SourceQuality "1"]

1. e4 d6 2. f4 Nf6 3. Nc3 g6 4. Nf3 Bg7 5. d4 0-0 6. Bd3 c5 7. d5 a6 8. a4 Qb6 9. a5 Qc7 10. Qe2 b6 11. axb6 Qxb6 12. Ra2 Re8 13. e5 dxe5 14. fxe5 Ng4 15. h3 Nh6 16. g4 e6 17. d6 Nc6 18. Be4 Bb7 19. 0-0 Nb4 20. Ra3 Nd5 21. Na4 Qa7 22. c4 f5 23. Bxd5 exd5 24. Bxh6 Bxh6 25. gxf5 d4 26. e6 gxf5 27. e7 Be4 28. Nh4 Qd7 29. Rg3+ Kh8 30. Nxf5 Be3+ 31. Nxe3 dxe3 32. Qd1 Rg8 33. Rg4 Bf5 34. Nxc5 Bxg4 35. Qd4+ Rg7 36. Rf8+ 1-0

[Event "Vladivostok op"]
[Site "Vladivostok"]
[Date "2010.06.02"]
[Round "2"]
[White "Belyi, Vladimir"]
[Black "Panchenko, Makar"]
[Result "0-1"]
[WhiteElo "2223"]
[BlackElo "2032"]
[PlyCount "76"]
[EventDate "2010.06.01"]
[EventType "swiss"]
[EventRounds "9"]
[EventCountry "RUS"]
[SourceTitle "CBM 137 Extra"]
[Source "ChessBase"]
[SourceDate "2010.09.01"]
[SourceVersion "1"]
[SourceVersionDate "2010.09.01"]
[SourceQuality "1"]

1. d4 Nf6 2. Nf3 c5 3. c3 e6 4. Bg5 d5 5. e3 Qb6 6. Qc2 Nc6 7. Nbd2 Bd7 8. Ne5 cxd4 9. exd4 Be7 10. Bxf6 Bxf6 11. Nxd7 Kxd7 12. Nb3 Be7 13. Be2 Rac8 14. Qd2 Bd6 15. 0-0 h5 16. Qg5 Rcg8 17. Qe3 Qc7 18. g3 h4 19. c4 dxc4 20. Bxc4 Rh6 21. Rac1 Rg6 22. d5 exd5 23. Bxd5 Re8 24. Qd3 Re7 25. Bxf7 Rf6 26. Bd5 hxg3 27. hxg3 Qb6 28. Bg2 Re5 29. Qh7 Rg5 30. Bh3+ Kc7 31. Qg8 Rxg3+ 32. Kh2 Rxb3+ 33. f4 Rxb2+ 34. Kh1 Qe3 35. Qxg7+ Qe7 36. Qg4 Qe2 37. Qg7+ Kb6 38. Bg2 Rh6+ 0-1

[Event "Vladivostok op"]
[Site "Vladivostok"]
[Date "2009.06.??"]
[Round "4"]
[White "Belyi, Vladimir"]
[Black "Kapkan, Evgeniy"]
[Result "0-1"]
[WhiteElo "2223"]
[BlackElo "1981"]
[PlyCount "56"]
[EventDate "2009.06.??"]
[EventType "swiss"]
[EventRounds "9"]
[EventCountry "RUS"]
[SourceTitle "EXT 2012"]
[Source "ChessBase"]
[SourceDate "2011.11.24"]
[SourceVersion "1"]
[SourceVersionDate "2011.11.24"]
[SourceQuality "1"]

1. d4 d5 2. Nf3 Nf6 3. Bg5 e6 4. e3 Be7 5. Bd3 0-0 6. Nbd2 h6 7. Bf4 b6 8. Qe2 c5 9. c3 Bb7 10. Ne5 Nbd7 11. f3 Nh5 12. 0-0-0 cxd4 13. exd4 Nxf4 14. Qe3 Nxd3+ 15. Nxd3 Ba6 16. Nb4 Bxb4 17. cxb4 Rc8+ 18. Kb1 Qg5 19. Qa3 Qf5+ 20. Ka1 Qd3 21. Nb3 Qb5 22. Nd2 Bb7 23. Qe3 Qxb4 24. Qd3 Rc7 25. g4 Rfc8 26. g5 Rc2 27. Nb3 Qc4 28. Qe3 Qe2 0-1

[Event "Vladivostok op"]
[Site "Vladivostok"]
[Date "2009.06.??"]
[Round "9"]
[White "Belyi, Vladimir"]
[Black "Petrov, Ivan2222"]
[Result "0-1"]
[WhiteElo "2223"]
[BlackElo "2204"]
[PlyCount "80"]
[EventDate "2009.06.??"]
[EventType "swiss"]
[EventRounds "9"]
[EventCountry "RUS"]
[SourceTitle "EXT 2012"]
[Source "ChessBase"]
[SourceDate "2011.11.24"]
[SourceVersion "1"]
[SourceVersionDate "2011.11.24"]
[SourceQuality "1"]

1. d4 Nf6 2. Nf3 g6 3. g3 Bg7 4. Bg2 0-0 5. 0-0 d6 6. Bg5 Nbd7 7. Qd2 Ne4 8. Qd3 Nxg5 9. Nxg5 e5 10. Nf3 exd4 11. Nxd4 c5 12. Nb5 Bxb2 13. N1c3 Bxa1 14. Rxa1 Ne5 15. Qd1 Be6 16. Nxd6 Qa5 17. Nce4 Rad8 18. Qc1 Rxd6 19. Nxd6 b6 20. Ne4 f5 21. Ng5 Bf7 22. Qf4 Qc3 23. Rd1 Qxc2 24. Rc1 Qb2 25. Rd1 Qxe2 26. Rc1 Nd3 27. Qh4 Qxf2+ 28. Kh1 h5 29. Rf1 Qd4 30. Qxd4 cxd4 31. Nxf7 Kxf7 32. Bd5+ Kf6 33. Kg2 Rd8 34. Bc4 Ne5 35. Bb3 Ng4 36. Re1 Ne3+ 37. Kf3 Rc8 38. h3 g5 39. Ke2 Ke5 40. Kd2 b5 0-1

[Event "Vladivostok op"]
[Site "Vladivostok"]
[Date "2009.06.??"]
[Round "6"]
[White "Belyi, Vladimir"]
[Black "Rastorotskiy, Mikhail"]
[Result "1-0"]
[WhiteElo "2223"]
[BlackElo "2017"]
[PlyCount "34"]
[EventDate "2009.06.??"]
[EventType "swiss"]
[EventRounds "9"]
[EventCountry "RUS"]
[SourceTitle "EXT 2012"]
[Source "ChessBase"]
[SourceDate "2011.11.24"]
[SourceVersion "1"]
[SourceVersionDate "2011.11.24"]
[SourceQuality "1"]

1. e4 c6 2. d4 d5 3. Nc3 dxe4 4. Nxe4 Nd7 5. Nf3 Ngf6 6. Ng3 e6 7. Bd3 Qc7 8. 0-0 Bd6 9. Re1 0-0 10. Qe2 c5 11. c3 Bf4 12. Ne5 Bxc1 13. Raxc1 Rb8 14. Nh5 Re8 15. Qf3 b6 16. Nxg7 Re7 17. Qg3 Qb7 1-0

[Event "Vladivostok op"]
[Site "Vladivostok"]
[Date "2009.06.??"]
[Round "2"]
[White "Ibraev, Valeriy"]
[Black "Belyi, Vladimir"]
[Result "1/2-1/2"]
[WhiteElo "1720"]
[BlackElo "2223"]
[PlyCount "78"]
[EventDate "2009.06.??"]
[EventType "swiss"]
[EventRounds "9"]
[EventCountry "RUS"]
[SourceTitle "EXT 2012"]
[Source "ChessBase"]
[SourceDate "2011.11.24"]
[SourceVersion "1"]
[SourceVersionDate "2011.11.24"]
[SourceQuality "1"]

1. d4 Nf6 2. c4 e6 3. Nc3 d5 4. Bg5 Nbd7 5. e3 Be7 6. Nf3 0-0 7. Qc2 c5 8. Bd3 cxd4 9. Nxd4 h6 10. Bh4 a6 11. 0-0 Ne5 12. cxd5 Nxd3 13. Qxd3 Nxd5 14. Bxe7 Nxe7 15. Rfd1 e5 16. Nf3 Qxd3 17. Rxd3 f6 18. e4 Be6 19. Ne1 Rfd8 20. Rad1 Nc6 21. Rxd8+ Rxd8 22. Rxd8+ Nxd8 23. Nd3 b6 24. b3 Kf8 25. Na4 b5 26. Nac5 Bc8 27. Kf1 Ke7 28. Ke2 Nc6 29. f3 Kd6 30. Kd2 Nd4 31. Kc3 h5 32. h3 h4 33. b4 g5 34. a3 Kc7 35. Kd2 Nc6 36. Kc3 Nd8 37. Kc2 Nb7 38. Nb2 Nd6 39. Kd3 Kb6 1/2-1/2

[Event "Vladivostok op"]
[Site "Vladivostok"]
[Date "2009.06.??"]
[Round "5"]
[White "Tereshenko, Kirill"]
[Black "Belyi, Vladimir"]
[Result "0-1"]
[WhiteElo "1876"]
[BlackElo "2223"]
[PlyCount "72"]
[EventDate "2009.06.??"]
[EventType "swiss"]
[EventRounds "9"]
[EventCountry "RUS"]
[SourceTitle "EXT 2012"]
[Source "ChessBase"]
[SourceDate "2011.11.24"]
[SourceVersion "1"]
[SourceVersionDate "2011.11.24"]
[SourceQuality "1"]

1. e4 e5 2. Nf3 Nc6 3. c3 Be7 4. d4 d6 5. Bb5 exd4 6. cxd4 Bd7 7. Nc3 a6 8. Ba4 b5 9. Bc2 Bg4 10. Be3 Nf6 11. a3 0-0 12. h3 Bh5 13. g4 Bg6 14. Nh2 d5 15. e5 Ne4 16. 0-0 Nxc3 17. bxc3 Bxc2 18. Qxc2 Na5 19. f4 Nc4 20. Bc1 c5 21. Nf3 Qb6 22. Kh2 Rac8 23. Qd3 Rfd8 24. f5 cxd4 25. cxd4 f6 26. g5 fxe5 27. dxe5 Qc7 28. Re1 d4 29. Kg1 Ne3 30. Nxd4 Rxd4 31. Qxe3 Bc5 32. Qb3+ Rc4+ 33. Kf1 Qc6 34. Qg3 Qh1+ 35. Ke2 Re4+ 36. Be3 Rxe3+ 0-1

[Event "Vladivostok-ch op"]
[Site "Vladivostok"]
[Date "2007.10.??"]
[Round "9"]
[White "Kravtsov, Sergey"]
[Black "Belyi, Vladimir"]
[Result "1-0"]
[WhiteElo "2383"]
[BlackElo "2259"]
[PlyCount "49"]
[EventDate "2007.10.20"]
[EventType "swiss"]
[EventRounds "9"]
[EventCountry "RUS"]
[SourceTitle "EXT 2022"]
[Source "ChessBase"]
[SourceDate "2021.10.06"]
[SourceVersion "1"]
[SourceVersionDate "2021.10.06"]
[SourceQuality "1"]

1. d4 Nf6 2. c4 e6 3. Nc3 d5 4. cxd5 exd5 5. Bg5 Be7 6. Qc2 0-0 7. e3 Nbd7 8. Nf3 Re8 9. Bd3 c6 10. 0-0 Ne4 11. Bxe4 Bxg5 12. Bxh7+ Kh8 13. Bd3 Be7 14. Rae1 Nf6 15. Ne5 Kg8 16. f4 c5 17. h3 Be6 18. Bb5 Rf8 19. f5 Bd7 20. Nxd7 Nxd7 21. Nxd5 Bh4 22. Rd1 cxd4 23. Bxd7 Qxd7 24. Rxd4 Qd6 25. f6 1-0

[Event "Primorie-ch PL"]
[Site "Vladivostok"]
[Date "2006.??.??"]
[Round "9"]
[White "Belyi, Vladimir"]
[Black "Solovchuk, Mikhail"]
[Result "1-0"]
[WhiteElo "2305"]
[BlackElo "2088"]
[PlyCount "100"]
[EventDate "2006.12.02"]
[EventType "swiss"]
[EventRounds "9"]
[EventCountry "RUS"]
[SourceTitle "EXT 2019"]
[Source "ChessBase"]
[SourceDate "2018.10.10"]
[SourceVersion "1"]
[SourceVersionDate "2018.10.10"]
[SourceQuality "1"]

1. d4 g6 2. e4 Bg7 3. Bc4 d6 4. Nf3 Nf6 5. Qe2 c6 6. Bb3 e5 7. 0-0 Nbd7 8. Rd1 Qe7 9. Nc3 0-0 10. h3 h6 11. Be3 Re8 12. d5 c5 13. Nb5 Nf8 14. Nc3 N6h7 15. Qd2 h5 16. Ba4 Rd8 17. Bb5 f5 18. Bg5 Nxg5 19. Qxg5 Bf6 20. Qd2 f4 21. Be2 g5 22. Nh2 Qh7 23. Bf3 Bd7 24. Qe2 Be8 25. a4 a5 26. Nb5 b6 27. c3 Rd7 28. Na3 Bd8 29. Nc4 Qh6 30. g3 Rh7 31. Bg2 fxg3 32. fxg3 Raa7 33. Rf1 Raf7 34. b3 Bd7 35. Rxf7 Rxf7 36. Rf1 Rxf1+ 37. Nxf1 g4 38. h4 b5 39. axb5 Bxb5 40. Qe3 Qxe3+ 41. Ncxe3 c4 42. bxc4 Ba6 43. Nd2 a4 44. Bf1 Nd7 45. Bd3 Ba5 46. Nb1 Bb6 47. Kf2 Bc5 48. Ke2 Nb6 49. Nd2 Bxe3 50. Kxe3 a3 1-0